Die bevölkerungsreichsten Städte und Gemeinden der Südpfalz - Statistiken

Allgemein
  • Dieses Quiz wurde 16 mal gespielt
  • Das Durchschnittsergebnis liegt bei 7 aus 15
Antwortstatistiken
Einwohnerzahl Stadt/Gemeinde % Korrekt
47.610 Landau
100%
21.099 Germersheim
86%
18.350 Wörth
86%
10.872 Herxheim
57%
7.254 Annweiler
50%
8.732 Bad Bergzabern
50%
6.693 Edenkoben
50%
5.518 Hagenbach
43%
9.212 Kandel
43%
7.592 Jockgrim
36%
6.317 Offenbach
29%
5.018 Rheinzabern
29%
8.353 Rülzheim
29%
8.855 Bellheim
21%
5.832 Lingenfeld
14%
Keine übereinstimmenden Quizze gefunden
Verteilung der Resultate
Anzahl Personen mit jedem Resultat
Perzentil nach korrekt beantworteten Fragen
Ihre Resultats-Entwicklung
Sie haben dieses Quiz noch nicht gespielt